[Event "Deutsche Ländermeisterschaft 2023"]
[Site "Hannover GER"]
[Date "2023.10.05"]
[Round "7"]
[White "Bräutigam, Katerina"]
[Black "Nizamova, Rita"]
[Result "1-0"]
[Termination "normal"]
[Board "3.5"]
[WhiteElo "1880"]
[BlackElo "1825"]
[WhiteClock "00:01:44"]
[BlackClock "00:11:47"]
[WhiteTeam "Schleswig-Holstein"]
[BlackTeam "Niedersachsen"]
[PlyCount "119"]
[WhiteFideId "16242980"]
[BlackFideId "16221940"]
[EventCountry "GER"]
[EventRounds "7"]
[EventType "team-swiss"]
[EventDate "2023.09.30"]

1. e4 {[%clk 01:30:58]} {[%emt 00:00:01]} c6 {[%clk 01:30:56]} {[%emt
00:00:05]} 2. d4 {[%clk 01:31:23]} {[%emt 00:00:04]} d5 {[%clk 01:31:24]}
{[%emt 00:00:03]} 3. exd5 {[%clk 01:31:46]} {[%emt 00:00:07]} cxd5 {[%clk
01:31:50]} {[%emt 00:00:04]} 4. Bd3 {[%clk 01:32:06]} {[%emt 00:00:09]} Nc6
{[%clk 01:32:10]} {[%emt 00:00:10]} 5. c3 {[%clk 01:32:30]} {[%emt 00:00:07]}
Nf6 {[%clk 01:32:35]} {[%emt 00:00:05]} 6. h3 {[%clk 01:32:53]} {[%emt
00:00:06]} g6 {[%clk 01:33:01]} {[%emt 00:00:05]} 7. Nf3 {[%clk 01:32:52]}
{[%emt 00:00:30]} Bf5 {[%clk 01:32:33]} {[%emt 00:00:58]} 8. O-O {[%clk
01:29:29]} {[%emt 00:03:53]} Bxd3 {[%clk 01:32:56]} {[%emt 00:00:08]} 9. Qxd3
{[%clk 01:29:53]} {[%emt 00:00:06]} Bg7 {[%clk 01:33:07]} {[%emt 00:00:19]} 10.
Bf4 {[%clk 01:28:05]} {[%emt 00:02:18]} O-O {[%clk 01:30:56]} {[%emt 00:02:41]}
11. Nbd2 {[%clk 01:28:01]} {[%emt 00:00:33]} Nd7 {[%clk 01:25:22]} {[%emt
00:06:05]} 12. Qb5 {[%clk 01:13:59]} {[%emt 00:14:31]} Nb6 {[%clk 01:18:56]}
{[%emt 00:06:56]} 13. Ne5 {[%clk 01:02:58]} {[%emt 00:11:31]} Nxe5 {[%clk
01:15:29]} {[%emt 00:03:57]} 14. dxe5 {[%clk 01:02:48]} {[%emt 00:00:40]} Qd7
{[%clk 01:02:32]} {[%emt 00:13:28]} 15. Qd3 {[%clk 00:50:22]} {[%emt 00:12:56]}
Rac8 {[%clk 00:57:55]} {[%emt 00:05:06]} 16. Rfd1 {[%clk 00:38:50]} {[%emt
00:12:02]} Rfd8 {[%clk 00:56:13]} {[%emt 00:02:13]} 17. Bg3 {[%clk 00:29:19]}
{[%emt 00:10:01]} Qc6 {[%clk 00:45:10]} {[%emt 00:11:32]} 18. Nf3 {[%clk
00:21:45]} {[%emt 00:08:04]} Nc4 {[%clk 00:40:34]} {[%emt 00:05:07]} 19. Qe2
{[%clk 00:19:29]} {[%emt 00:02:47]} Qb6 {[%clk 00:36:42]} {[%emt 00:04:22]} 20.
Rab1 {[%clk 00:16:57]} {[%emt 00:03:02]} Qa5 {[%clk 00:33:17]} {[%emt
00:03:55]} 21. b3 {[%clk 00:11:03]} {[%emt 00:06:23]} Na3 {[%clk 00:29:23]}
{[%emt 00:04:25]} 22. Rbc1 {[%clk 00:10:53]} {[%emt 00:00:40]} Bh6 {[%clk
00:24:01]} {[%emt 00:05:51]} 23. b4 {[%clk 00:05:55]} {[%emt 00:05:28]} Qb6
{[%clk 00:23:35]} {[%emt 00:00:55]} 24. Ra1 {[%clk 00:02:08]} {[%emt 00:04:18]}
Nb5 {[%clk 00:22:24]} {[%emt 00:01:41]} 25. Qb2 {[%clk 00:00:40]} {[%emt
00:01:59]} Nxc3 {[%clk 00:21:53]} {[%emt 00:01:01]} 26. Rd4 {[%clk 00:00:49]}
{[%emt 00:00:22]} Ne4 {[%clk 00:20:40]} {[%emt 00:01:42]} 27. Bh2 {[%clk
00:00:57]} {[%emt 00:00:22]} Qc6 {[%clk 00:16:54]} {[%emt 00:04:15]} 28. Rad1
{[%clk 00:00:58]} {[%emt 00:00:29]} Qc3 {[%clk 00:11:57]} {[%emt 00:05:27]} 29.
Qb1 {[%clk 00:00:43]} {[%emt 00:00:45]} Be3 {[%clk 00:10:40]} {[%emt 00:01:47]}
30. R4d3 {[%clk 00:00:33]} {[%emt 00:00:40]} Bxf2+ {[%clk 00:10:44]} {[%emt
00:00:26]} 31. Kf1 {[%clk 00:00:36]} {[%emt 00:00:27]} Qc4 {[%clk 00:09:08]}
{[%emt 00:02:05]} 32. Nd2 {[%clk 00:00:51]} {[%emt 00:00:16]} Nxd2+ {[%clk
00:09:24]} {[%emt 00:00:13]} 33. R1xd2 {[%clk 00:01:15]} {[%emt 00:00:06]} Be3
{[%clk 00:06:49]} {[%emt 00:03:04]} 34. Rd1 {[%clk 00:01:32]} {[%emt 00:00:14]}
d4 {[%clk 00:05:50]} {[%emt 00:01:29]} 35. Bg3 {[%clk 00:01:26]} {[%emt
00:00:36]} Qb5 {[%clk 00:05:07]} {[%emt 00:01:13]} 36. Ke1 {[%clk 00:01:17]}
{[%emt 00:00:41]} Qc6 {[%clk 00:03:45]} {[%emt 00:01:51]} 37. Qb2 {[%clk
00:01:07]} {[%emt 00:00:40]} Qe4 {[%clk 00:03:13]} {[%emt 00:01:02]} 38. Qe2
{[%clk 00:01:04]} {[%emt 00:00:33]} Qf5 {[%clk 00:02:02]} {[%emt 00:01:42]} 39.
a3 {[%clk 00:00:56]} {[%emt 00:00:38]} a6 {[%clk 00:02:05]} {[%emt 00:00:27]}
40. a4 {[%clk 00:00:51]} {[%emt 00:00:35]} h5 {[%clk 00:01:10]} {[%emt
00:01:25]} 41. Qf3 {[%clk 00:24:25]} {[%emt 00:06:54]} Qxf3 {[%clk 00:31:26]}
{[%emt 00:00:14]} 42. gxf3 {[%clk 00:24:53]} {[%emt 00:00:02]} e6 {[%clk
00:30:36]} {[%emt 00:01:21]} 43. f4 {[%clk 00:21:09]} {[%emt 00:04:14]} Rd5
{[%clk 00:30:19]} {[%emt 00:00:47]} 44. Ke2 {[%clk 00:20:11]} {[%emt 00:01:28]}
Rc2+ {[%clk 00:29:20]} {[%emt 00:01:29]} 45. Kf3 {[%clk 00:19:52]} {[%emt
00:00:49]} Rb2 {[%clk 00:28:28]} {[%emt 00:01:22]} 46. Be1 {[%clk 00:18:06]}
{[%emt 00:02:16]} a5 {[%clk 00:21:42]} {[%emt 00:07:17]} 47. bxa5 {[%clk
00:14:14]} {[%emt 00:04:21]} Rc5 {[%clk 00:21:37]} {[%emt 00:00:35]} 48. Bh4
{[%clk 00:09:35]} {[%emt 00:05:10]} Rcc2 {[%clk 00:15:44]} {[%emt 00:06:23]}
49. Rxe3 {[%clk 00:07:25]} {[%emt 00:02:40]} dxe3 {[%clk 00:15:49]} {[%emt
00:00:25]} 50. Rd8+ {[%clk 00:07:44]} {[%emt 00:00:11]} Kh7 {[%clk 00:16:18]}
{[%emt 00:00:01]} 51. Bf6 {[%clk 00:07:49]} {[%emt 00:00:25]} g5 {[%clk
00:09:39]} {[%emt 00:07:09]} 52. Rh8+ {[%clk 00:07:04]} {[%emt 00:01:14]} Kg6
{[%clk 00:10:08]} {[%emt 00:00:02]} 53. Rg8+ {[%clk 00:06:26]} {[%emt
00:01:08]} Kh7 {[%clk 00:10:13]} {[%emt 00:00:25]} 54. Rh8+ {[%clk 00:04:22]}
{[%emt 00:02:33]} Kg6 {[%clk 00:10:36]} {[%emt 00:00:07]} 55. Rg8+ {[%clk
00:01:58]} {[%emt 00:02:54]} Kh7 {[%clk 00:11:01]} {[%emt 00:00:06]} 56. Rg7+
{[%clk 00:01:38]} {[%emt 00:00:49]} Kh8 {[%clk 00:11:30]} {[%emt 00:00:01]} 57.
fxg5 {[%clk 00:00:37]} {[%emt 00:01:30]} e2 {[%clk 00:10:58]} {[%emt 00:01:02]}
58. Rg6+ {[%clk 00:00:58]} {[%emt 00:00:09]} Kh7 {[%clk 00:11:18]} {[%emt
00:00:10]} 59. Rh6+ {[%clk 00:01:22]} {[%emt 00:00:06]} Kg8 {[%clk 00:11:47]}
{[%emt 00:00:01]} 60. Rh8# {[%clk 00:01:44]} {[%emt 00:00:07]} 1-0

[Event "Deutsche Ländermeisterschaft 2023"]
[Site "Hannover GER"]
[Date "2023.10.05"]
[Round "7"]
[White "Tarasenko, Nazar"]
[Black "Sickmann, Lisa"]
[Result "0-1"]
[Termination "normal"]
[Board "3.6"]
[WhiteElo "1873"]
[BlackElo "1864"]
[WhiteClock "00:55:52"]
[BlackClock "00:10:36"]
[WhiteTeam "Niedersachsen"]
[BlackTeam "Schleswig-Holstein"]
[PlyCount "102"]
[WhiteFideId "34161430"]
[BlackFideId "16267818"]
[EventCountry "GER"]
[EventRounds "7"]
[EventType "team-swiss"]
[EventDate "2023.09.30"]

1. c4 {[%clk 01:30:58]} {[%emt 00:00:02]} e5 {[%clk 01:30:54]} {[%emt
00:00:07]} 2. d3 {[%clk 01:31:07]} {[%emt 00:00:21]} Nf6 {[%clk 01:31:17]}
{[%emt 00:00:06]} 3. Nf3 {[%clk 01:31:04]} {[%emt 00:00:32]} Nc6 {[%clk
01:31:43]} {[%emt 00:00:05]} 4. a3 {[%clk 01:31:13]} {[%emt 00:00:22]} a5
{[%clk 01:31:52]} {[%emt 00:00:21]} 5. e3 {[%clk 01:29:11]} {[%emt 00:02:31]}
d5 {[%clk 01:32:09]} {[%emt 00:00:13]} 6. cxd5 {[%clk 01:29:14]} {[%emt
00:00:27]} Nxd5 {[%clk 01:32:38]} {[%emt 00:00:02]} 7. Be2 {[%clk 01:29:35]}
{[%emt 00:00:09]} Be7 {[%clk 01:32:59]} {[%emt 00:00:08]} 8. O-O {[%clk
01:29:23]} {[%emt 00:00:42]} O-O {[%clk 01:33:19]} {[%emt 00:00:11]} 9. d4
{[%clk 01:29:11]} {[%emt 00:00:42]} exd4 {[%clk 01:31:53]} {[%emt 00:01:56]}
10. Nxd4 {[%clk 01:29:18]} {[%emt 00:00:23]} Nxd4 {[%clk 01:32:02]} {[%emt
00:00:21]} 11. Qxd4 {[%clk 01:29:35]} {[%emt 00:00:13]} Bf6 {[%clk 01:32:04]}
{[%emt 00:00:27]} 12. Qd2 {[%clk 01:28:28]} {[%emt 00:01:36]} Be6 {[%clk
01:27:57]} {[%emt 00:04:39]} 13. e4 {[%clk 01:26:30]} {[%emt 00:02:27]} Nb6
{[%clk 01:26:17]} {[%emt 00:02:09]} 14. Qc2 {[%clk 01:25:25]} {[%emt 00:01:35]}
a4 {[%clk 01:22:44]} {[%emt 00:04:04]} 15. Be3 {[%clk 01:23:01]} {[%emt
00:02:54]} Qd7 {[%clk 01:03:19]} {[%emt 00:19:55]} 16. Nd2 {[%clk 01:20:21]}
{[%emt 00:03:10]} Rfd8 {[%clk 01:02:56]} {[%emt 00:00:52]} 17. Rac1 {[%clk
01:19:18]} {[%emt 00:01:33]} Rac8 {[%clk 00:57:06]} {[%emt 00:06:21]} 18. Nf3
{[%clk 01:15:52]} {[%emt 00:03:57]} Bb3 {[%clk 00:53:53]} {[%emt 00:03:42]} 19.
Qb1 {[%clk 01:16:12]} {[%emt 00:00:10]} Qe6 {[%clk 00:49:20]} {[%emt 00:05:04]}
20. Bf4 {[%clk 01:09:56]} {[%emt 00:06:45]} Nc4 {[%clk 00:46:21]} {[%emt
00:03:29]} 21. Bxc4 {[%clk 01:09:30]} {[%emt 00:00:55]} Bxc4 {[%clk 00:46:45]}
{[%emt 00:00:06]} 22. Rfd1 {[%clk 01:09:31]} {[%emt 00:00:26]} Rxd1+ {[%clk
00:45:28]} {[%emt 00:01:49]} 23. Rxd1 {[%clk 01:09:53]} {[%emt 00:00:08]} Qg4
{[%clk 00:36:46]} {[%emt 00:09:13]} 24. Ne5 {[%clk 01:09:09]} {[%emt 00:01:14]}
Qxf4 {[%clk 00:30:00]} {[%emt 00:07:15]} 25. Nxc4 {[%clk 01:09:25]} {[%emt
00:00:15]} Re8 {[%clk 00:27:21]} {[%emt 00:03:09]} 26. e5 {[%clk 01:05:51]}
{[%emt 00:04:04]} Bxe5 {[%clk 00:24:55]} {[%emt 00:02:56]} 27. Nxe5 {[%clk
01:06:04]} {[%emt 00:00:18]} Qxe5 {[%clk 00:25:18]} {[%emt 00:00:06]} 28. g3
{[%clk 01:05:33]} {[%emt 00:01:01]} g6 {[%clk 00:19:00]} {[%emt 00:06:48]} 29.
Qc2 {[%clk 01:05:37]} {[%emt 00:00:26]} b5 {[%clk 00:15:28]} {[%emt 00:04:02]}
30. Qc6 {[%clk 01:04:16]} {[%emt 00:01:51]} Re6 {[%clk 00:11:34]} {[%emt
00:04:25]} 31. Qc2 {[%clk 01:02:38]} {[%emt 00:02:07]} Kg7 {[%clk 00:08:38]}
{[%emt 00:03:26]} 32. Rc1 {[%clk 01:01:21]} {[%emt 00:01:47]} c6 {[%clk
00:08:27]} {[%emt 00:00:42]} 33. Qc3 {[%clk 01:00:51]} {[%emt 00:00:59]} Qxc3
{[%clk 00:08:16]} {[%emt 00:00:42]} 34. Rxc3 {[%clk 01:01:13]} {[%emt
00:00:07]} Kf6 {[%clk 00:08:22]} {[%emt 00:00:24]} 35. Rf3+ {[%clk 00:58:07]}
{[%emt 00:03:36]} Ke7 {[%clk 00:08:26]} {[%emt 00:00:26]} 36. Kg2 {[%clk
00:56:39]} {[%emt 00:01:59]} f5 {[%clk 00:08:43]} {[%emt 00:00:13]} 37. Rd3
{[%clk 00:56:50]} {[%emt 00:00:18]} Re2 {[%clk 00:08:41]} {[%emt 00:00:33]} 38.
b3 {[%clk 00:55:24]} {[%emt 00:01:56]} axb3 {[%clk 00:08:44]} {[%emt 00:00:27]}
39. Rxb3 {[%clk 00:55:52]} {[%emt 00:00:02]} Kd6 {[%clk 00:08:52]} {[%emt
00:00:21]} 40. Rd3+ {[%clk 00:56:13]} {[%emt 00:00:10]} Kc7 {[%clk 00:09:10]}
{[%emt 00:00:12]} 41. Kf1 {[%clk 00:55:08]} {[%emt 00:01:35]} Re6 {[%clk
00:08:40]} {[%emt 00:01:00]} 42. h3 {[%clk 00:54:35]} {[%emt 00:01:04]} h5
{[%clk 00:08:55]} {[%emt 00:00:15]} 43. g4 {[%clk 00:54:27]} {[%emt 00:00:38]}
hxg4 {[%clk 00:09:11]} {[%emt 00:00:14]} 44. hxg4 {[%clk 00:54:53]} {[%emt
00:00:04]} fxg4 {[%clk 00:09:20]} {[%emt 00:00:21]} 45. Rd4 {[%clk 00:55:18]}
{[%emt 00:00:05]} c5 {[%clk 00:09:32]} {[%emt 00:00:18]} 46. Rxg4 {[%clk
00:55:37]} {[%emt 00:00:11]} c4 {[%clk 00:09:39]} {[%emt 00:00:23]} 47. a4
{[%clk 00:55:10]} {[%emt 00:00:58]} Kb6 {[%clk 00:10:02]} {[%emt 00:00:06]} 48.
axb5 {[%clk 00:55:31]} {[%emt 00:00:09]} Kxb5 {[%clk 00:10:28]} {[%emt
00:00:04]} 49. Rd4 {[%clk 00:55:29]} {[%emt 00:00:31]} c3 {[%clk 00:10:12]}
{[%emt 00:00:46]} 50. Rd3 {[%clk 00:55:35]} {[%emt 00:00:25]} c2 {[%clk
00:10:12]} {[%emt 00:00:30]} 51. Rc3 {[%clk 00:55:52]} {[%emt 00:00:13]} Rc6
{[%clk 00:10:36]} {[%emt 00:00:06]} 0-1

[Event "Deutsche Ländermeisterschaft 2023"]
[Site "Hannover GER"]
[Date "2023.10.05"]
[Round "7"]
[White "Lanert, Theodor"]
[Black "Wilmink, Anna"]
[Result "0-1"]
[Termination "normal"]
[Board "3.7"]
[WhiteElo "1404"]
[BlackElo "1794"]
[WhiteClock "00:35:13"]
[BlackClock "00:01:07"]
[WhiteTeam "Schleswig-Holstein"]
[BlackTeam "Niedersachsen"]
[PlyCount "72"]
[WhiteFideId "34605576"]
[BlackFideId "16273680"]
[EventCountry "GER"]
[EventRounds "7"]
[EventType "team-swiss"]
[EventDate "2023.09.30"]

1. e4 {[%clk 01:30:30]} {[%emt 00:00:30]} e5 {[%clk 01:30:53]} {[%emt
00:00:07]} 2. Nf3 {[%clk 01:31:05]} {[%emt 00:00:35]} Nc6 {[%clk 01:31:27]}
{[%emt 00:00:15]} 3. Bc4 {[%clk 01:30:29]} {[%emt 00:01:07]} Nf6 {[%clk
01:31:46]} {[%emt 00:00:11]} 4. O-O {[%clk 01:25:59]} {[%emt 00:05:00]} Nxe4
{[%clk 01:29:36]} {[%emt 00:02:40]} 5. Re1 {[%clk 01:21:00]} {[%emt 00:05:29]}
d5 {[%clk 01:28:58]} {[%emt 00:01:07]} 6. Bb5 {[%clk 01:20:57]} {[%emt
00:00:37]} Bc5 {[%clk 01:00:48]} {[%emt 00:28:37]} 7. d4 {[%clk 01:03:00]}
{[%emt 00:18:27]} exd4 {[%clk 00:59:21]} {[%emt 00:01:56]} 8. Nxd4 {[%clk
00:58:15]} {[%emt 00:05:15]} O-O {[%clk 00:46:38]} {[%emt 00:13:12]} 9. Bxc6
{[%clk 00:57:14]} {[%emt 00:01:30]} bxc6 {[%clk 00:46:15]} {[%emt 00:00:52]}
10. Be3 {[%clk 00:57:30]} {[%emt 00:00:16]} Bxd4 {[%clk 00:42:28]} {[%emt
00:04:17]} 11. Bxd4 {[%clk 00:56:34]} {[%emt 00:01:26]} c5 {[%clk 00:41:22]}
{[%emt 00:01:35]} 12. Be3 {[%clk 00:56:51]} {[%emt 00:00:14]} Qd6 {[%clk
00:32:17]} {[%emt 00:09:34]} 13. c3 {[%clk 00:54:17]} {[%emt 00:03:02]} f5
{[%clk 00:27:41]} {[%emt 00:05:08]} 14. f3 {[%clk 00:53:30]} {[%emt 00:01:18]}
Nf6 {[%clk 00:26:31]} {[%emt 00:01:39]} 15. Nd2 {[%clk 00:48:55]} {[%emt
00:05:06]} d4 {[%clk 00:19:50]} {[%emt 00:07:11]} 16. Bf2 {[%clk 00:49:06]}
{[%emt 00:00:19]} Be6 {[%clk 00:18:20]} {[%emt 00:02:00]} 17. Nb3 {[%clk
00:48:00]} {[%emt 00:01:35]} Bxb3 {[%clk 00:16:00]} {[%emt 00:02:50]} 18. Qxb3+
{[%clk 00:47:59]} {[%emt 00:00:32]} Kh8 {[%clk 00:15:39]} {[%emt 00:00:51]} 19.
Rad1 {[%clk 00:47:30]} {[%emt 00:00:56]} Rab8 {[%clk 00:07:23]} {[%emt
00:08:48]} 20. Qc2 {[%clk 00:47:09]} {[%emt 00:00:52]} Qa6 {[%clk 00:06:01]}
{[%emt 00:01:52]} 21. cxd4 {[%clk 00:46:48]} {[%emt 00:00:51]} Qxa2 {[%clk
00:05:00]} {[%emt 00:01:30]} 22. Ra1 {[%clk 00:46:19]} {[%emt 00:00:59]} Qxb2
{[%clk 00:04:43]} {[%emt 00:00:48]} 23. Qxb2 {[%clk 00:46:36]} {[%emt
00:00:13]} Rxb2 {[%clk 00:04:54]} {[%emt 00:00:18]} 24. Rxa7 {[%clk 00:47:05]}
{[%emt 00:00:02]} cxd4 {[%clk 00:04:07]} {[%emt 00:01:17]} 25. Bxd4 {[%clk
00:47:18]} {[%emt 00:00:16]} Rc2 {[%clk 00:04:00]} {[%emt 00:00:37]} 26. Re7
{[%clk 00:46:43]} {[%emt 00:01:06]} Rd8 {[%clk 00:02:13]} {[%emt 00:02:17]} 27.
Bf2 {[%clk 00:45:26]} {[%emt 00:01:47]} Nd5 {[%clk 00:01:29]} {[%emt 00:01:13]}
28. Re1 {[%clk 00:45:16]} {[%emt 00:00:40]} Nf6 {[%clk 00:01:45]} {[%emt
00:00:14]} 29. Re7 {[%clk 00:41:18]} {[%emt 00:04:28]} h6 {[%clk 00:01:37]}
{[%emt 00:00:39]} 30. Kf1 {[%clk 00:39:43]} {[%emt 00:02:05]} Rd1+ {[%clk
00:00:44]} {[%emt 00:01:23]} 31. Re1 {[%clk 00:38:30]} {[%emt 00:01:42]} Rxe1+
{[%clk 00:00:38]} {[%emt 00:00:36]} 32. Kxe1 {[%clk 00:37:00]} {[%emt
00:02:00]} Nd5 {[%clk 00:00:57]} {[%emt 00:00:12]} 33. Ra5 {[%clk 00:36:56]}
{[%emt 00:00:34]} Nb4 {[%clk 00:00:48]} {[%emt 00:00:38]} 34. Bg3 {[%clk
00:36:01]} {[%emt 00:01:25]} Rxg2 {[%clk 00:00:44]} {[%emt 00:00:35]} 35. Rxf5
{[%clk 00:35:28]} {[%emt 00:01:03]} Nc2+ {[%clk 00:00:43]} {[%emt 00:00:32]}
36. Kf1 {[%clk 00:35:13]} {[%emt 00:00:44]} Ne3+ {[%clk 00:01:07]} {[%emt
00:00:06]} 0-1

[Event "Deutsche Ländermeisterschaft 2023"]
[Site "Hannover GER"]
[Date "2023.10.05"]
[Round "7"]
[White "Baklan, Kira"]
[Black "Margaryan, Mane"]
[Result "1-0"]
[Termination "normal"]
[Board "3.8"]
[WhiteElo "1096"]
[BlackElo "1382"]
[WhiteClock "01:07:52"]
[BlackClock "00:12:13"]
[WhiteTeam "Niedersachsen"]
[BlackTeam "Schleswig-Holstein"]
[PlyCount "97"]
[WhiteFideId "34186514"]
[BlackFideId "16268237"]
[EventCountry "GER"]
[EventRounds "7"]
[EventType "team-swiss"]
[EventDate "2023.09.30"]

1. e4 {[%clk 01:30:58]} {[%emt 00:00:01]} c5 {[%clk 01:30:54]} {[%emt
00:00:07]} 2. Nf3 {[%clk 01:31:17]} {[%emt 00:00:11]} e6 {[%clk 01:31:16]}
{[%emt 00:00:08]} 3. d4 {[%clk 01:31:38]} {[%emt 00:00:09]} cxd4 {[%clk
01:31:37]} {[%emt 00:00:10]} 4. Nxd4 {[%clk 01:32:02]} {[%emt 00:00:05]} a6
{[%clk 01:31:52]} {[%emt 00:00:15]} 5. Nc3 {[%clk 01:32:22]} {[%emt 00:00:09]}
Qc7 {[%clk 01:31:41]} {[%emt 00:00:41]} 6. a3 {[%clk 01:32:16]} {[%emt
00:00:36]} Nf6 {[%clk 01:31:33]} {[%emt 00:00:39]} 7. Bd3 {[%clk 01:32:21]}
{[%emt 00:00:24]} Be7 {[%clk 01:31:27]} {[%emt 00:00:36]} 8. Be3 {[%clk
01:32:33]} {[%emt 00:00:18]} O-O {[%clk 01:31:02]} {[%emt 00:00:56]} 9. f4
{[%clk 01:32:36]} {[%emt 00:00:27]} d6 {[%clk 01:30:13]} {[%emt 00:01:20]} 10.
Qf3 {[%clk 01:32:24]} {[%emt 00:00:41]} b6 {[%clk 01:28:56]} {[%emt 00:01:47]}
11. O-O {[%clk 01:30:00]} {[%emt 00:02:53]} Bb7 {[%clk 01:27:17]} {[%emt
00:02:09]} 12. Qg3 {[%clk 01:27:24]} {[%emt 00:03:06]} Nc6 {[%clk 01:22:48]}
{[%emt 00:05:00]} 13. Nxc6 {[%clk 01:27:02]} {[%emt 00:00:52]} Bxc6 {[%clk
01:22:26]} {[%emt 00:00:51]} 14. Bd4 {[%clk 01:22:25]} {[%emt 00:05:07]} Rfd8
{[%clk 01:17:05]} {[%emt 00:05:51]} 15. Qh3 {[%clk 01:20:44]} {[%emt 00:02:11]}
g6 {[%clk 01:06:48]} {[%emt 00:10:48]} 16. f5 {[%clk 01:15:03]} {[%emt
00:06:11]} e5 {[%clk 01:04:14]} {[%emt 00:03:03]} 17. Be3 {[%emt 00:00:40]} Qb7
{[%clk 00:58:05]} {[%emt 00:06:37]} 18. Qf3 {[%clk 01:14:12]} {[%emt 00:01:13]}
Rf8 {[%clk 00:48:28]} {[%emt 00:10:07]} 19. fxg6 {[%clk 01:13:00]} {[%emt
00:01:42]} fxg6 {[%clk 00:48:02]} {[%emt 00:00:56]} 20. Bc4+ {[%clk 01:13:10]}
{[%emt 00:00:20]} Kg7 {[%clk 00:46:10]} {[%emt 00:02:22]} 21. Qh3 {[%clk
01:11:39]} {[%emt 00:01:58]} Kh8 {[%clk 00:39:03]} {[%emt 00:07:39]} 22. Bh6
{[%clk 01:11:20]} {[%emt 00:00:49]} Rfd8 {[%clk 00:36:51]} {[%emt 00:02:43]}
23. Qe6 {[%clk 01:03:22]} {[%emt 00:08:27]} Rg8 {[%clk 00:29:08]} {[%emt
00:08:14]} 24. Rxf6 {[%clk 01:03:06]} {[%emt 00:00:46]} Bxf6 {[%clk 00:24:45]}
{[%emt 00:04:53]} 25. Qxf6+ {[%clk 01:03:28]} {[%emt 00:00:08]} Rg7 {[%clk
00:24:50]} {[%emt 00:00:26]} 26. Bxg7+ {[%clk 01:03:48]} {[%emt 00:00:09]} Qxg7
{[%clk 00:25:09]} {[%emt 00:00:11]} 27. Qxg7+ {[%clk 01:04:12]} {[%emt
00:00:05]} Kxg7 {[%clk 00:25:32]} {[%emt 00:00:07]} 28. Rf1 {[%clk 01:04:18]}
{[%emt 00:00:24]} Be8 {[%clk 00:23:08]} {[%emt 00:02:55]} 29. Nd5 {[%clk
01:04:24]} {[%emt 00:00:24]} b5 {[%clk 00:20:47]} {[%emt 00:02:51]} 30. Bd3
{[%clk 01:04:27]} {[%emt 00:00:27]} Rc8 {[%clk 00:19:35]} {[%emt 00:01:42]} 31.
Kf2 {[%clk 01:04:18]} {[%emt 00:00:39]} Rc5 {[%clk 00:19:07]} {[%emt 00:00:58]}
32. b3 {[%clk 01:04:23]} {[%emt 00:00:25]} Bf7 {[%clk 00:19:02]} {[%emt
00:00:35]} 33. c4 {[%clk 01:04:32]} {[%emt 00:00:21]} h5 {[%clk 00:16:50]}
{[%emt 00:02:42]} 34. b4 {[%clk 01:04:36]} {[%emt 00:00:26]} Rc8 {[%clk
00:15:57]} {[%emt 00:01:23]} 35. cxb5 {[%clk 01:04:55]} {[%emt 00:00:11]} axb5
{[%clk 00:15:44]} {[%emt 00:00:43]} 36. Bxb5 {[%clk 01:05:18]} {[%emt
00:00:07]} Rc2+ {[%clk 00:15:46]} {[%emt 00:00:27]} 37. Kg3 {[%clk 01:05:39]}
{[%emt 00:00:10]} Rd2 {[%clk 00:15:06]} {[%emt 00:01:11]} 38. Bc4 {[%clk
01:05:28]} {[%emt 00:00:41]} Rd4 {[%clk 00:14:38]} {[%emt 00:00:57]} 39. Ba2
{[%clk 01:04:39]} {[%emt 00:01:20]} Rxe4 {[%clk 00:14:13]} {[%emt 00:00:56]}
40. Nc3 {[%clk 01:04:38]} {[%emt 00:00:30]} Re3+ {[%clk 00:12:22]} {[%emt
00:02:21]} 41. Rf3 {[%clk 01:05:02]} {[%emt 00:00:06]} Rxf3+ {[%clk 00:11:13]}
{[%emt 00:01:39]} 42. Kxf3 {[%clk 01:05:23]} {[%emt 00:00:09]} Bxa2 {[%clk
00:11:15]} {[%emt 00:00:28]} 43. Nxa2 {[%clk 01:05:46]} {[%emt 00:00:07]} d5
{[%clk 00:11:09]} {[%emt 00:00:36]} 44. b5 {[%clk 01:05:56]} {[%emt 00:00:20]}
d4 {[%clk 00:11:15]} {[%emt 00:00:24]} 45. Ke4 {[%clk 01:06:18]} {[%emt
00:00:08]} Kf6 {[%clk 00:11:08]} {[%emt 00:00:37]} 46. b6 {[%clk 01:06:40]}
{[%emt 00:00:09]} d3 {[%clk 00:11:28]} {[%emt 00:00:09]} 47. Kxd3 {[%clk
01:07:04]} {[%emt 00:00:05]} Kf5 {[%clk 00:11:53]} {[%emt 00:00:05]} 48. b7
{[%clk 01:07:28]} {[%emt 00:00:07]} e4+ {[%clk 00:12:13]} {[%emt 00:00:10]} 49.
Ke3 {[%clk 01:07:52]} {[%emt 00:00:05]} 1-0